Perdana discourse series : (Record no. 124800)

MARC details
000 -LEADER
fixed length control field 00784nam a2200241 i 4500
001 - CONTROL NUMBER
control field C2-0325019
003 - CONTROL NUMBER IDENTIFIER
control field PPAK
005 - DATE AND TIME OF LATEST TRANSACTION
control field 20180728123142.0
008 - FIXED-LENGTH DATA ELEMENTS--GENERAL INFORMATION
fixed length control field 140107s2012 my a|||| ||||| | eng d
020 ## - INTERNATIONAL STANDARD BOOK NUMBER
International Standard Book Number 9789671061213
040 ## - CATALOGING SOURCE
Original cataloging agency PPAK
Language of cataloging eng
Transcribing agency PPAK
Description conventions rda
082 04 - DEWEY DECIMAL CLASSIFICATION NUMBER
Classification number 959.5
Edition number 23
090 00 - LOCALLY ASSIGNED LC-TYPE CALL NUMBER (OCLC); LOCAL CALL NUMBER (RLIN)
Classification number (OCLC) (R) ; Classification number, CALL (RLIN) (NR) 959.5
Feature heading PER
Feature heading KK
245 00 - TITLE STATEMENT
Title Perdana discourse series :
Remainder of title keynote speeches by Tun Dr. Mahathir Mohamad
264 #1 - PRODUCTION, PUBLICATION, DISTRIBUTION, MANUFACTURE, AND COPYRIGHT NOTICE
Place of production, publication, distribution, manufacture Putrajaya :
Name of producer, publisher, distributor, manufacturer Perdana Leadership Foundation ,
Date of production, publication, distribution, manufacture, or copyright notice 2012
300 ## - PHYSICAL DESCRIPTION
Extent vii, 158 pages :
Other physical details illustrations ;
Dimensions 26 cm.
336 ## - CONTENT TYPE
Source rdacontent
Content type term text
337 ## - MEDIA TYPE
Source rdamedia
Media type term unmediated
338 ## - CARRIER TYPE
Source rdacarrier
Carrier type term volume
650 10 - SUBJECT ADDED ENTRY--TOPICAL TERM
Topical term or geographic name entry element Speeches, addresses, etc. ; Malaysia - Politics and government. ; Malaysia - Social conditions.
700 ## - ADDED ENTRY--PERSONAL NAME
Relator term author
942 ## - ADDED ENTRY ELEMENTS (KOHA)
-- dc
Koha item type Book
Holdings
Withdrawn Not for loan Current library Shelving location Date acquired Full call number Barcode Date last seen Koha item type
  Not For Loan Perpustakaan Alor Setar Koleksi Kedah 20/03/2016 KK 959.5 PER A00878103 09/05/2018 Book
  Not For Loan Perpustakaan Alor Setar Koleksi Kedah 21/01/2014 KK 959.5 PER A01431812 09/05/2018 Book
  Not For Loan Perpustakaan Alor Setar Koleksi Kedah 21/01/2014 KK 959.5 PER A01431813 09/05/2018 Book
  Not For Loan Perpustakaan Alor Setar Koleksi Kedah 21/01/2014 KK 959.5 PER A01431814 09/05/2018 Book
  Not For Loan Perpustakaan Alor Setar Koleksi Kedah 21/01/2014 KK 959.5 PER A01431815 09/05/2018 Book
  Not For Loan Perpustakaan Awam Sungai Petani Koleksi Kedah 21/01/2014 KK 959.5 PER A01431816 09/05/2018 Book
  Not For Loan Perpustakaan Baling Koleksi Kedah 21/01/2014 KK 959.5 PER A01431819 09/05/2018 Book
  Not For Loan Perpustakaan Bandar Baharu Koleksi Kedah 21/01/2014 KK 959.5 PER A01431822 09/05/2018 Book
  Not For Loan Perpustakaan Jitra Koleksi Kedah 21/01/2014 KK 959.5 PER A01431817 09/05/2018 Book
  Not For Loan Perpustakaan Kulim Koleksi Kedah 21/01/2014 KK 959.5 PER A01431818 09/05/2018 Book
  Not For Loan Perpustakaan Langkawi Koleksi Kedah 21/01/2014 KK 959.5 PER A01431821 09/05/2018 Book
  Not For Loan Perpustakaan Merbok Koleksi Kedah 21/01/2014 KK 959.5 PER A01431824 09/05/2018 Book
  Not For Loan Perpustakaan Sik Koleksi Kedah 21/01/2014 KK 959.5 PER A01431823 09/05/2018 Book
  Not For Loan Perpustakaan Yan Koleksi Kedah 21/01/2014 KK 959.5 PER A01431820 09/05/2018 Book